| 000 | 00639nam a2200205 a 4500 | ||
|---|---|---|---|
| 001 | 73613 | ||
| 003 | BD-RjUL | ||
| 005 | 20211209082422.0 | ||
| 008 | 170605s1952 pk a|||| |||| 00| 0 eng d | ||
| 035 | _a(BD-RjUL)73831 | ||
| 040 |
_aBD-RjUL _beng _cBD-RjUL _dBD-RjUL |
||
| 041 | _aeng | ||
| 082 |
_223 _a630.95491 _bREP 1952 |
||
| 110 |
_aManager of Publications _9217861 |
||
| 245 |
_aReport of the Pakistan agricultural inquiry committee, 1951-1952 / _cManager of Publications |
||
| 260 |
_aKarachi : _bInter services press, _c1952. |
||
| 300 |
_ai,159 p. : _bill. ; _c22 cm. |
||
| 650 |
_aAgriculture _xPakistan _9217862 |
||
| 942 |
_2ddc _cBK |
||
| 999 |
_c73613 _d73613 |
||